Πανεπιστημιακή φυσική = University physics
Αποθηκεύτηκε σε:
| Κύριος συγγραφέας: | |
|---|---|
| Άλλοι συγγραφείς: | |
| Μορφή: | Βιβλίο |
| Γλώσσα: | Greek English |
| Δημοσίευση: |
Reading, Massachusetts : Αθήνα :
Addison-Wesley ;, Παπαζήσης,
c1994.
|
| Έκδοση: | 8η έκδ. |
| Σειρά: | Addison-Wesley series in physics
|
| Θέματα: | |
| Ετικέτες: |
Προσθήκη ετικέτας
Δεν υπάρχουν, Καταχωρήστε ετικέτα πρώτοι!
|
MARC
| LEADER | 00000cam a2200000 i 4500 | ||
|---|---|---|---|
| 001 | 1/57722 | ||
| 008 | 020124s1994 gr | ||| |||| ||gre|| | ||
| 020 | |a 9600210675 (τ.1) | ||
| 020 | |a 9600210888 (τ.2) | ||
| 035 | |l 10000206 | ||
| 040 | |a GR-MyUA |b gre |e AACR2 | ||
| 041 | 1 | |a gre |h eng | |
| 082 | 0 | |a 530 | |
| 100 | 1 | |a Young, Hugh D. | |
| 245 | 1 | 0 | |a Πανεπιστημιακή φυσική = |b University physics / |c Hugh D. Young ; απόδοση στα ελληνικά Ε. Αναστασάκης ... [κ.ά.]. |
| 246 | 3 | 3 | |i Άλλες παραλλαγές του τίτλου: |a Φυσική |
| 250 | |a 8η έκδ. | ||
| 260 | |a Reading, Massachusetts : |a Αθήνα : |b Addison-Wesley ;, |b Παπαζήσης, |c c1994. | ||
| 300 | |a 2 τ. : |b έγχρ. εικ. ; |c 28 εκ. | ||
| 490 | 1 | |a (Addison-Wesley series in physics) | |
| 500 | |a Τίτλος πρωτοτύπου: University physics. | ||
| 500 | |a Έκδοση διευρυμένη με σύγχρονη φυσική | ||
| 505 | 0 | |a T. 1. Μηχανική - θερμοδυναμική --τ. 2. Ηλεκτρομαγνητισμός - οπτική- σύγχρονη φυσική. | |
| 650 | 0 | 0 | |a Physics. |
| 700 | 1 | |a Αναστασάκης, Ε. |e trl |e edt | |
| 830 | 0 | |a Addison-Wesley series in physics | |
| 852 | |a INST |b CHIOS |e 20020124 |h 530 YOU |p 005200020230 |q 005200020230 |t BK |y 0 |z τ.1 | ||
| 852 | |a INST |b CHIOS |e 20020124 |h 530 YOU |p 005200020231 |q 005200020231 |t BK |y 0 |z τ.1 | ||
| 852 | |a INST |b CHIOS |e 20020124 |h 530 YOU |p 005200020232 |q 005200020232 |t BK |y 0 |z τ.1 | ||
| 852 | |a INST |b CHIOS |e 20020124 |h 530 YOU |p 005200020233 |q 005200020233 |t BK |y 0 |z τ.1 | ||
| 852 | |a INST |b CHIOS |e 20020124 |h 530 YOU |p 005200020234 |q 005200020234 |t BK |y 0 |z τ.2 | ||
| 852 | |a INST |b CHIOS |e 20020124 |h 530 YOU |p 005200020235 |q 005200020235 |t BK |y 0 |z τ.2 | ||
| 852 | |a INST |b CHIOS |e 20020124 |h 530 YOU |p 005200020236 |q 005200020236 |t BK |y 0 |z τ.2 | ||
| 852 | |a INST |b CHIOS |e 20020124 |h 530 YOU |p 005200020237 |q 005200020237 |t BK |y 0 |z τ.2 | ||
| 852 | |a INST |b CHIOS |e 20090309 |h 530 YOU |p 005200030626 |q 005200030626 |t BK |y 4 |x 20151030 |z τ.1 | ||
| 852 | |a INST |b CHIOS |e 20101103 |h 530 YOU |p 005200032136 |q 005200032136 |t BK |y 0 |z τ.1 | ||
| 852 | |a INST |b CHIOS |e 20130516 |h 530 YOU |p 005200035629 |q 005200035629 |t BK |y 0 |z τ.1 | ||
| 852 | |a INST |b CHIOS |e 20020124 |h 530 YOU |p 005200020230 |q 005200020230 |t BK |v τ.1: |y 0 |z τ.1 | ||
| 852 | |a INST |b CHIOS |e 20020124 |h 530 YOU |p 005200020231 |q 005200020231 |t BK |v τ.1: |y 0 |z τ.1 | ||
| 852 | |a INST |b CHIOS |e 20020124 |h 530 YOU |p 005200020232 |q 005200020232 |t BK |v τ.1: |y 0 |z τ.1 | ||
| 852 | |a INST |b CHIOS |e 20020124 |h 530 YOU |p 005200020233 |q 005200020233 |t BK |v τ.1: |y 0 |z τ.1 | ||
| 852 | |a INST |b CHIOS |e 20020124 |h 530 YOU |p 005200020234 |q 005200020234 |t BK |v τ.2: |y 0 |z τ.2 | ||
| 852 | |a INST |b CHIOS |e 20020124 |h 530 YOU |p 005200020235 |q 005200020235 |t BK |v τ.2: |y 0 |z τ.2 | ||
| 852 | |a INST |b CHIOS |e 20020124 |h 530 YOU |p 005200020236 |q 005200020236 |t BK |v τ.2: |y 0 |z τ.2 | ||
| 852 | |a INST |b CHIOS |e 20020124 |h 530 YOU |p 005200020237 |q 005200020237 |t BK |v τ.2: |y 0 |z τ.2 | ||
| 852 | |a INST |b CHIOS |e 20090309 |h 530 YOU |p 005200030626 |q 005200030626 |t BK |v τ.1: |y 4 |x 20151030 |z τ.1 | ||
| 852 | |a INST |b CHIOS |e 20101103 |h 530 YOU |p 005200032136 |q 005200032136 |t BK |v τ.1: |y 0 |z τ.1 | ||
| 852 | |a INST |b CHIOS |e 20130516 |h 530 YOU |p 005200035629 |q 005200035629 |t BK |v τ.1: |y 0 |z τ.1 | ||
| 852 | |a INST |b CHIOS |c EUDOXUS |e 20140122 |h 530 YOU |p 005200034630 |q 005200034630 |t EDX |y 0 | ||
| 852 | |a INST |b CHIOS |c EUDOXUS |e 20140122 |h 530 YOU |p 005200034631 |q 005200034631 |t EDX |y 0 | ||
| 852 | |a INST |b LESVOS |e 20060509 |h 539 YOU |p 005100034915 |q 005100034915 |t BK |y 0 |z τ.Α | ||
| 852 | |a INST |b LESVOS |e 20060509 |h 539 YOU |p 005100034915 |q 005100034915 |t BK |v τ.Α: |y 0 |z τ.Α | ||
| 852 | |a INST |b LESVOS |c EUDOXUS |e 20140110 |h 539 YOU |p 005100053738 |q 005100053738 |t EDX |y 0 |z τ.Α | ||
| 852 | |a INST |b LESVOS |c EUDOXUS |e 20140110 |h 539 YOU |p 005100053738 |q 005100053738 |t EDX |v τ.Α: |y 0 |z τ.Α | ||
| 852 | |a INST |b RHODES |e 20100301 |h 530 YOU |p 005400032530 |q 005400032530 |t BK |y 0 |z τ.1 | ||
| 852 | |a INST |b RHODES |e 20100301 |h 530 YOU |p 005400032531 |q 005400032531 |t BK |y 0 |z τ.2 | ||
| 852 | |a INST |b RHODES |e 20100301 |h 530 YOU |p 005400032530 |q 005400032530 |t BK |v τ.1: |y 0 |z τ.1 | ||
| 852 | |a INST |b RHODES |e 20100301 |h 530 YOU |p 005400032531 |q 005400032531 |t BK |v τ.2: |y 0 |z τ.2 | ||
| 852 | |a INST |b SAMOS |e 20070830 |h 530 YOU |p 005300025734 |q 005300025734 |t BK |y 0 |z τ.1 | ||
| 852 | |a INST |b SAMOS |e 20070830 |h 530 YOU |p 005300025735 |q 005300025735 |t BK |y 0 |z τ.2 | ||
| 852 | |a INST |b SAMOS |e 20080124 |h 530 YOU |p 005300027072 |q 005300027072 |t BK |y 23 |z τ.2 | ||
| 852 | |a INST |b SAMOS |e 20080124 |h 530 YOU |p 005300027073 |q 005300027073 |t BK |y 0 |z τ.2 | ||
| 852 | |a INST |b SAMOS |e 20080124 |h 530 YOU |p 005300027074 |q 005300027074 |t BK |y 0 |z τ.2 | ||
| 852 | |a INST |b SAMOS |e 20080124 |h 530 YOU |p 005300027075 |q 005300027075 |t BK |y 0 |z τ.2 | ||
| 852 | |a INST |b SAMOS |e 20080124 |h 530 YOU |p 005300027076 |q 005300027076 |t BK |y 0 |z τ.2 | ||
| 852 | |a INST |b SAMOS |e 20070830 |h 530 YOU |p 005300025734 |q 005300025734 |t BK |v τ.1: |y 0 |z τ.1 | ||
| 852 | |a INST |b SAMOS |e 20070830 |h 530 YOU |p 005300025735 |q 005300025735 |t BK |v τ.2: |y 0 |z τ.2 | ||
| 852 | |a INST |b SAMOS |e 20080124 |h 530 YOU |p 005300027072 |q 005300027072 |t BK |v τ.2: |y 23 |z τ.2 | ||
| 852 | |a INST |b SAMOS |e 20080124 |h 530 YOU |p 005300027073 |q 005300027073 |t BK |v τ.2: |y 0 |z τ.2 | ||
| 852 | |a INST |b SAMOS |e 20080124 |h 530 YOU |p 005300027074 |q 005300027074 |t BK |v τ.2: |y 0 |z τ.2 | ||
| 852 | |a INST |b SAMOS |e 20080124 |h 530 YOU |p 005300027075 |q 005300027075 |t BK |v τ.2: |y 0 |z τ.2 | ||
| 852 | |a INST |b SAMOS |e 20080124 |h 530 YOU |p 005300027076 |q 005300027076 |t BK |v τ.2: |y 0 |z τ.2 | ||
| 853 | |a INST |b CHIOS |h 530 YOU | ||
| 853 | |a INST |b LESVOS |h 539 YOU | ||
| 853 | |a INST |b LESVOS |c EUDOXUS |h 539 YOU | ||
| 853 | |a INST |b RHODES |h 530 YOU | ||
| 853 | |a INST |b SAMOS |h 530 YOU | ||
| 901 | |a BIBL3-2008-1 | ||
| 901 | |a BIBL3-2007-2 | ||
| 901 | |a BIBL2-2002-1 | ||
| 901 | |a BIBL1-2006-2 | ||
| 901 | |a BIBL2-2009-1 | ||
| 901 | |a BIBL4-2010-1 | ||
| 901 | |a BIBL2-2010-3 | ||
| 901 | |a BIBL2-2013-2 | ||
| 901 | |a BIBL1-2014-1 | ||
| 901 | |a BIBL2-2014-1 | ||
| 909 | |a Χ |b 175180 | ||
| 909 | |a Χ |b 180185 | ||
| 909 | |a Χ |b 180186 | ||
| 909 | |a Λ |b 186405 | ||
| 909 | |a Σ |b 134365 | ||
| 909 | |a Σ |b 134366 | ||
| 909 | |a Σ |b 134367 | ||
| 909 | |a Σ |b 134368 | ||
| 909 | |a Σ |b 134369 | ||
| 909 | |a Σ |b 136183 | ||
| 909 | |a Σ |b 136184 | ||
| 909 | |a Χ |b 147041 | ||
| 909 | |a Χ |b 098910 | ||
| 909 | |a Χ |b 098911 | ||
| 909 | |a Χ |b 098912 | ||
| 909 | |a Χ |b 098913 | ||
| 909 | |a Χ |b 098914 | ||
| 909 | |a Χ |b 098915 | ||
| 909 | |a Χ |b 098916 | ||
| 909 | |a Χ |b 098917 | ||
| 909 | |a Χ |b 148712 | ||
| 909 | |a Λ |b 126488 | ||
| 909 | |a Ρ |b 159771 | ||
| 909 | |a Ρ |b 159772 | ||
| 920 | |a ΛΕΙΒΑΔΑΡΟΥ |b ΠΑΡΑΣΚΕΥΗ |y Χίος |z 2009-01 | ||
| 920 | |a ΑΦΕΣΙΑΔΗΣ |b ΛΑΖΑΡΟΣ |y Χίος |z 2012-10 | ||
| 920 | |a ΤΜΗΜΑ ΜΗΧΑΝΙΚΩΝ ΟΙΚΟΝΟΜΙΑΣ ΚΑΙ ΔΙΟΙΚΗΣΗΣ |y Χίος |z 2002-01 | ||
| 920 | |a ΔΩΡΕΑ ΒΙΒΛΙΟΘΗΚΗΣ |y Ρόδος |z 2010-02 | ||
| 920 | |a ΦΟΙΤΗΤΙΚΗ ΜΕΡΙΜΝΑ |y Χίος |z 2010-08 | ||
| 920 | |a ΕΥΔΟΞΟΣ |b ΠΑΡΑΓΓΕΛΙΑ |y Λέσβος-ΤΕΘ |z 2013-04 | ||
| 920 | |a ΕΥΔΟΞΟΣ |b ΠΑΡΑΓΓΕΛΙΑ |y Χίος-ΤΜΟΔ |z 2014-01 | ||
| 922 | |a 3ΕΛΗ |b 200707 |c ΤΜΗΜΑ ΜΑΘΗΜΑΤΙΚΩΝ |d Σ. ΠΑΤΑΚΗΣ | ||
| 970 | |a ΣΑΛΑΜΟΥΡΑ |b ΜΑΡΙΑ |z 2002/01/24 | ||